Stati che confinano con il Niger - Statistics

Statistiche generali
  • Questo quiz è stato fatto 14 volte
  • Il punteggio medio è 6 su 7
Statistiche sulle risposte
Superficie (km²) Popolazione (ab.) Lunghezza confine (km) Stato % Corretto
2 381 741 42 005 390 951 Algeria
100%
1 759 540 6 871 287 352 Libia
100%
1 241 238 20 005 000 828 Mali
100%
1 284 000 11 412 107 1 175 Ciad
90%
923 768 215 548 4000 1 608 Nigeria
90%
112 620 12 387 840 266 Benin
70%
274 200 21 510 181 622 Burkina Faso
70%
Nessun quiz corrispondente trovato
Distribuzione punteggi
Percentuale di utenti per punteggio
Percentile per numero di risposta
I tuoi punteggi nel tempo
Non hai fatto questo quiz